Decir no, por amor : (Record no. 177142)

MARC details
000 -CABECERA
campo de control de longitud fija 00745nam a2200229 u 4500
005 - FECHA Y HORA DE LA ÚLTIMA TRANSACCIÓN
campo de control 20240920064127.0
008 - ELEMENTOS DE LONGITUD FIJA--INFORMACIÓN GENERAL
campo de control de longitud fija 150811s2012 es r 000 0 spa d
020 ## - NÚMERO INTERNACIONAL NORMALIZADO PARA LIBROS
Número Internacional Estándar del Libro 9788425427497
035 ## - NÚMERO DE CONTROL DEL SISTEMA
Número de control de sistema UPN01000205041
049 ## - COLECCIÓN
Colección CG
050 #4 - SIGNATURA TOPOGRÁFICA DE LA BIBLIOTECA DEL CONGRESO
Número de clasificación HQ770.4
Número de documento/Ítem J8.2
100 1# - ASIENTO PRINCIPAL--NOMBRE PERSONAL
Nombre de persona Juul, Jesper,
Fechas asociadas al nombre 1948-
9 (RLIN) 34994
245 10 - MENCIÓN DE TÍTULO
Título Decir no, por amor :
Resto del título padres que hablan claro : niños seguros de sí mismos /
Mención de responsabilidad, etc. Jesper Juul ; tr. de Antoni Martínez-Riu.
260 ## - PUBLICACIÓN, DISTRIBUCIÓN, ETC.
Lugar de publicación, distribución, etc. Barcelona, Esp. :
Nombre del editor, distribuidor, etc. Herder,
Fecha de publicación, distribución, etc. c2012.
300 ## - DESCRIPCIÓN FÍSICA
Extensión 86 p.
534 ## - NOTA SOBRE LA VERSIÓN ORIGINAL
Frase introductoria Titulo original:
Mención de título del original Kunsten at sige nej med god samvittighed
650 #4 - ASIENTO SECUNDARIO DE MATERIA - TERMINO TEMATICO
Término de materia o nombre geográfico como elemento de entrada Disciplina de niños
9 (RLIN) 14102
650 #4 - ASIENTO SECUNDARIO DE MATERIA - TERMINO TEMATICO
Término de materia o nombre geográfico como elemento de entrada Educación de niños
9 (RLIN) 5387
650 #2 - ASIENTO SECUNDARIO DE MATERIA - TERMINO TEMATICO
Término de materia o nombre geográfico como elemento de entrada Paternidad
9 (RLIN) 6964
905 ## - TIPO DE MATERIAL
Tipo de material Libro
Holdings
Estado de retiro Estado de pérdida Fuente del sistema de clasificación o colocación Estado dañado No para préstamo Código de colección Localización permanente Ubicación/localización actual Ubicación en estantería Total de préstamos Clasificación Código de barras Fecha visto por última vez Número de copia Tipo de ítem Koha
    Library of Congress Classification     Colección General Bib. Gregorio Torres Quintero Bib. Gregorio Torres Quintero Planta baja   HQ770.4 J8.2 303574 31/12/2020 1 Libro
    Library of Congress Classification     Colección General Bib. Gregorio Torres Quintero Bib. Gregorio Torres Quintero Planta baja 5 HQ770.4 J8.2 303575 31/12/2020 1 Libro